000 00502cam a2200193ua 4500
020 _cRs 25.50
041 _aeng
_h
082 _a630
_bAXI/MO
100 _aAxinn, George H .
245 _aModernizing world agriculture /
_cGeorge H Axinn.
_hTextual Documents
250 _a1 /
_b.
260 _aNew Delhi :
_bOxford & IBH Publishing company ,
_c1972.
300 _a216 ; .
365 _aRs 25.50
504 _a
700 1 _aSudhakar, Thorat .
942 _cBK
999 _c1415
_d1415